| 000 -LEADER |
| fixed length control field |
00850nam a22002777a 4500 |
| 001 - CONTROL NUMBER |
| control field |
14228 |
| 003 - CONTROL NUMBER IDENTIFIER |
| control field |
BD-DhUAP |
| 005 - DATE AND TIME OF LATEST TRANSACTION |
| control field |
20201230150009.0 |
| 008 - FIXED-LENGTH DATA ELEMENTS--GENERAL INFORMATION |
| fixed length control field |
200210s2009 ii ||||| v||| 001 0 eng d |
| 020 ## - INTERNATIONAL STANDARD BOOK NUMBER |
| International Standard Book Number |
9788170121763 |
| 040 ## - CATALOGING SOURCE |
| Original cataloging agency |
BD-DhUAP |
| Language of cataloging |
Eng |
| Transcribing agency |
BD-DhUAP |
| 082 ## - DEWEY DECIMAL CLASSIFICATION NUMBER |
| Edition number |
23 |
| Classification number |
346.54022 SIN |
| 100 ## - MAIN ENTRY--PERSONAL NAME |
| Personal name |
Singh, Avtar. |
| 9 (RLIN) |
36370 |
| 245 ## - TITLE STATEMENT |
| Title |
Textbook on law of contract and specific relief / |
| Statement of responsibility, etc. |
Avtar Singh. |
| 250 ## - EDITION STATEMENT |
| Edition statement |
5th ed. |
| 260 ## - PUBLICATION, DISTRIBUTION, ETC. |
| Place of publication, distribution, etc. |
Lucknow : |
| Name of publisher, distributor, etc. |
Eastern Book Company, |
| Date of publication, distribution, etc. |
c2009. |
| 300 ## - PHYSICAL DESCRIPTION |
| Extent |
lxiv, 432 pages ; |
| Dimensions |
23 cm. |
| 500 ## - GENERAL NOTE |
| General note |
Includes index. |
| 526 ## - STUDY PROGRAM INFORMATION NOTE |
| Program name |
SOL |
| 650 ## - SUBJECT ADDED ENTRY--TOPICAL TERM |
| Topical term or geographic name entry element |
Contracts |
| Geographic subdivision |
India. |
| 9 (RLIN) |
36371 |
| 650 ## - SUBJECT ADDED ENTRY--TOPICAL TERM |
| Topical term or geographic name entry element |
Equitable remedies |
| Geographic subdivision |
India. |
| 9 (RLIN) |
36372 |
| 651 ## - SUBJECT ADDED ENTRY--GEOGRAPHIC NAME |
| Geographic name |
India |
| Chronological subdivision |
Indian Contract Act, 1872. |
| 9 (RLIN) |
36373 |
| 942 ## - ADDED ENTRY ELEMENTS (KOHA) |
| Source of classification or shelving scheme |
|
| Koha item type |
Book |